000 00475pam a2200121a 44500
008 230405s2005 xxu||||| |||| 00| 0 eng d
041 _aMAR
100 _aप्रा डॉ सौ मोहोड शालिनी
245 _aशिवपुत्र संभाजीराजे
260 _a
_bमातृभूमी प्रकाशन वंदे मातरम् भारतीनगर पौड मार्ग
_c2005
300 _a75
906 _a11637
999 _c302136
_d302136